[Event "Maastricht Limburg op-C 8th"]
[Site "Maastricht"]
[Date "2014.06.08"]
[Round "4"]
[White "Boesmans, Peter"]
[Black "Van Rossum, Pia"]
[Result "0-1"]
[WhiteElo "1390"]
[BlackElo "1657"]
[PlyCount "68"]
[EventDate "2014.06.06"]
[EventType "swiss"]
[EventRounds "7"]
[EventCountry "NED"]
[SourceTitle "EXT 2015"]
[Source "ChessBase"]
[SourceDate "2014.11.20"]
[SourceVersion "1"]
[SourceVersionDate "2014.11.20"]
[SourceQuality "1"]

1. e4 d6 2. d4 g6 3. Nf3 Bg7 4. Be3 Nf6 5. Nc3 0-0 6. Qd2 e5 7. Bh6 Ne8 8. dxe5 Nd7 9. Bxg7 Kxg7 10. exd6 Nxd6 11. Bd3 Nc5 12. 0-0 Bg4 13. Nd4 Qf6 14. Qe3 Qe5 15. f3 Bd7 16. f4 Qe7 17. Nd5 Qd8 18. f5 Ncxe4 19. Bxe4 f6 20. g4 g5 21. Rae1 Re8 22. Qd3 c6 23. Nc3 Qb6 24. b3 c5 25. Na4 Bxa4 26. Ne6+ Kh8 27. bxa4 Nf7 28. c4 Nd8 29. Nxd8 Raxd8 30. Bd5 Qb2 31. Rxe8+ Rxe8 32. Rb1 Qxa2 33. Qc3 Qxb1+ 34. Kg2 Re2+ 0-1

[Event "Maastricht Limburg op-C 8th"]
[Site "Maastricht"]
[Date "2014.06.08"]
[Round "5"]
[White "Petry, Richard"]
[Black "Boesmans, Peter"]
[Result "0-1"]
[WhiteElo "1151"]
[BlackElo "1390"]
[PlyCount "69"]
[EventDate "2014.06.06"]
[EventType "swiss"]
[EventRounds "7"]
[EventCountry "NED"]
[SourceTitle "EXT 2015"]
[Source "ChessBase"]
[SourceDate "2014.11.20"]
[SourceVersion "1"]
[SourceVersionDate "2014.11.20"]
[SourceQuality "1"]

1. d4 d5 2. Nc3 Bf5 3. e3 e6 4. Nf3 Bd6 5. Be2 Nc6 6. a3 Nf6 7. Bb5 Qd7 8. 0-0 a6 9. Be2 0-0-0 10. Nh4 Bg6 11. Nf3 Kb8 12. Bd2 e5 13. dxe5 Bxe5 14. Rb1 d4 15. exd4 Bxd4 16. Qc1 Qd6 17. b4 Be5 18. b5 axb5 19. Nxb5 Qe6 20. Be3 Nd5 21. Nxe5 Qxe5 22. Bf3 Be4 23. Bxe4 Qxe4 24. Qb2 Nxe3 25. f3 Qxc2 26. Qxc2 Nxc2 27. Rfc1 Ne3 28. a4 Rd2 29. Na3 Rxg2+ 30. Kh1 Re8 31. Rxc6 Rd8 32. Rc3 Re2 33. Rcb3 b6 34. a5 Rdd2 35. Rxb6+ 0-1

[Event "Maastricht Limburg op-C 8th"]
[Site "Maastricht"]
[Date "2014.06.06"]
[Round "1"]
[White "Boesmans, Peter"]
[Black "Visse, Bernard"]
[Result "0-1"]
[WhiteElo "1390"]
[BlackElo "1670"]
[PlyCount "38"]
[EventDate "2014.06.06"]
[EventType "swiss"]
[EventRounds "7"]
[EventCountry "NED"]
[SourceTitle "EXT 2015"]
[Source "ChessBase"]
[SourceDate "2014.11.20"]
[SourceVersion "1"]
[SourceVersionDate "2014.11.20"]
[SourceQuality "1"]

1. e4 c5 2. Nc3 d6 3. Bc4 Nf6 4. d3 Nc6 5. Nf3 a6 6. a3 Rb8 7. Be3 e6 8. Bb3 Be7 9. Qe2 b5 10. 0-0-0 Bb7 11. Bf4 Nd4 12. Nxd4 cxd4 13. Nb1 Rc8 14. f3 Nd7 15. e5 d5 16. Bg3 Nc5 17. Ba2 a5 18. Nd2 b4 19. Qf2 Nxd3+ 0-1